Fill the Bible Verses #5 - Statistics

General Stats
  • This quiz has been taken 14 times
  • The average score is 10 of 20
Answer Stats
Answer % Correct
Where you will go I will go, and where you {stay} I will stay,
100%
Your {people} will be my people, and your God my God.
100%
The old has {passed} away,
83%
There is a {time} for everything,
83%
he is a new {Creation}.
75%
if even {death} separates you and me.
75%
{Ruth} 1:16b-17 NIV
75%
{behold}, the new has come!
67%
{Ecclesiastes} 3:1
67%
Where you die I will die, and there I will be {buried}.
67%
Therefore, if {anyone} is in Christ,
58%
a {season} for every activity
42%
under the {heavens}.
33%
{2 Corinthians} 5:17 ESV
25%
Do your best to {present} yourself to God as
25%
{2 Timothy} 2:15 ESV
17%
a one {approved},
17%
a worker that has no need to be {ashamed},
17%
{rightly} handling the word of truth.
17%
May the Lord deal with me, be it ever so {severely},
0%
No matching quizzes found
Score Distribution
Percent of People with Each Score
Percentile by Number Answered
Your Score History
You have not taken this quiz